| 000 | 01190nam a22003377a 4500 | ||
|---|---|---|---|
| 005 | 20220329141231.0 | ||
| 008 | 971010s1987 r 00010 d | ||
| 010 | _a64866 | ||
| 011 | _a65838 | ||
| 035 | _a73276 | ||
| 082 |
_a631.41 _bF3 1987 |
||
| 100 | 0 | 0 |
_aFassbender, Hans W. _939819 |
| 245 |
_aQuímica de suelos _b: con énfasis en suelos de América Latina |
||
| 250 | _a2ed. | ||
| 260 |
_aSan José. C.R. : _bInstituto Interamericano de Cooperación para la Agricultura, _c1987 |
||
| 300 | _a420 p. | ||
| 490 |
_aLibros y materiales Educativos _v; 81 |
||
| 500 | _a1993-279 | ||
| 590 |
_aBATCH-UPD _b10 _c20130109 _lUCH01 _h2358 |
||
| 590 |
_aBATCH-UPD _b10 _c20130110 _lUCH01 _h1544 |
||
| 590 |
_aBATCH-UPD _b10 _c20130409 _lUCH01 _h1932 |
||
| 590 |
_aBATCH-UPD _b10 _c20130410 _lUCH01 _h0944 |
||
| 590 |
_aBATCH-UPD _b10 _c20130914 _lUCH01 _h0659 |
||
| 590 |
_aCONVERSION _b10 _c20130109 _lUCH01 _h1335 |
||
| 650 | 1 | 4 |
_aSuelos _xAmérica Latina. _9110202 |
| 650 | 1 | 4 |
_aSuelos _xQuímica de. _9110470 |
| 700 | 0 |
_aBornemisza, Elmer. _913904 |
|
| 830 | 0 |
_aLibros y materiales Educativos _v; 81 _966696 |
|
| 901 | _aBK | ||
| 949 |
_a631.41 F3 1987 _bDCF _cLIBRO _d-6065 _eLIBRO _h3618 _i73276 _si |
||
| 999 |
_c64866 _d64866 |
||